Logo BPK

Biblioteka

Politechniki Koszalińskiej

Wielki słownik polsko-niemiecki z suplementem. / (Rekord nr 34341)

Szczegóły MARC
000 -ETYKIETA REKORDU
podpole kontrolne o stałej długości 00804nam a2200241 i 4500
001 - NUMER KONTROLNY REKORDU
pole kontrolne bg
020 ## - MIĘDZYNARODOWY ZNORMALIZOWANY NUMER KSIĄŻKI - ISBN
ISBN 8321407935 (2 t.)
040 ## - ŹRÓDŁO KATALOGOWANIA
Instytucja, która utworzyła rekord BPK
041 0# - KOD JĘZYKA
Kod języka tekstu depl
080 ## - UNIWERSALNA KLASYFIKACJA DZIESIĘTNA - UKD
UKD 811.162.1::811.112.2]'374
920 ## - Międzynarodowy znormalizowany numer książki – ISBN
ISBN 83-214-0793-5 (2 t.)
008 - POLE O STAŁEJ DŁUGOŚCI - DANE KONTROLNE
podpole kontrolne o stałej długości s pl f |000 0 pol
100 1# - NAZWA OSOBOWA
Nazwa osobowa PIPREK, Jan.
245 10 - TYTUŁ/ODPOWIEDZIALNOŚĆ
Tytuł Wielki słownik polsko-niemiecki z suplementem. /
Pozostałe elementy strefy tytułu i oznaczenia odpowiedzialności Jan Piprek, Juliusz Ippoldt
Oznaczenie części/sekcji dzieła T. 1, A-Ó.
246 11 - WARIANT TYTUŁU
Tytuł Grosswörterbuch Polnisch-Deutsch mit Nachtrag
250 ## - STREFA WYDANIA
Oznaczenie wydania [Wyd. 13, supl. 10].
260 ## - STREFA ADRESU WYDAWNICZEGO
Miejsce wydania Warszawa :
Nazwa wydawcy/dystrybutora "Wiedza Powszechna",
Data publikacji, dystrybucji/powstania dokumentu 1998.
300 ## - STREFA OPISU FIZYCZNEGO
Objętość XLVII, [1], 1134 s. ;
Rozmiary 24 cm.
500 ## - UWAGI OGÓLNE
Tekst uwagi Tyt. równol. : Grosswörterbuch Polnisch-Deutsch mit Nachtrag.
650 #9 - HASŁO PRZEDMIOTOWE W FORMIE NAZWY OGÓLNEJ LUB JEDNOSTKOWEJ
Nazwa ogólna lub geograficzna Słownik polsko-niemiecki
700 1# - HASŁO DODATKOWE - NAZWA OSOBOWA
Nazwa osobowa IPPOLDT, Juliusz
Daty związane z nazwą (1867-1960).
942 ## - DODATKOWE ELEMENTY (KOHA)
Typ dokumentu Książka
Egzemplarze
Wycofany Status egzemplarza Uszkodzony Dostępność Lokalizacja stała Lokalizacja bieżąca Miejsce przechowywania Sygnatura Kod kreskowy Typ dokumentu
      Tylko na miejscu Biblioteka Politechniki Koszalińskiej Biblioteka Politechniki Koszalińskiej Czytelnia Wydziałowa ul. Kwiatkowskiego 6e 47092 01379570 Książka
© 2023 Biblioteka Politechniki Koszalińskiej :: KOHA